| 000 | 00771 a2200253 4500 | ||
|---|---|---|---|
| 999 |
_c200129294 _d31656 |
||
| 001 | 200129294 | ||
| 003 | TR-AnTOB | ||
| 005 | 20231201151304.0 | ||
| 008 | 130514s tu 000 0 | ||
| 020 | _a9786054067091 | ||
| 040 |
_aTR-AnTOB _beng _cTR-AnTOB _erda |
||
| 041 | _atur | ||
| 050 |
_aSB485.A5 _bT87 2009 |
||
| 090 | _aSB485.A5 T87 2009 | ||
| 245 | 0 | 0 |
_aTürkiye'nin ilk parkı Gençlik Parkı / _ced. Ahmet Recep Tekcan,derl. Ahmet Rasim Gündüç. |
| 264 | 1 |
_aAnkar : _bT.C. Nafia Vekaleti Neşriyatı, _c2009. |
|
| 300 |
_a43 : _bill. _c23 cm |
||
| 650 | 7 |
_aParklar _zTürkiye _2etuturkob _989147 |
|
| 650 | 0 |
_aParks _zTurkey _989146 |
|
| 700 | 1 |
_aTekcan, Ahmet Recep _989144 |
|
| 700 | 1 |
_aGündüç, Ahmet Rasim _989145 |
|
| 942 |
_cBK _2lcc |
||